Informe sobre el recurso forestal y las industrias forestales de la zona Pacífico de Colombia (Registro nro. 614)
[ vista simple ]
| 000 -CABECERA | |
|---|---|
| Campo de control | 00762nam a2200253 a 4500 |
| 005 - FECHA Y HORA DE LA ULTIMA TRANSACCION | |
| Campo de control | 20191217041552.0 |
| 008 - ELEMENTOS DE LONGITUD FIJA—INFORMACION GENERAL | |
| Campo de control | 140221b1976 CK ||||| |||| 00| 0 spa d |
| 040 ## - FUENTE DE CATALOGACIÓN | |
| Agencia catalogadora original | CO-BoIAVH |
| Agencia transcriptora | CO-BoIAVH |
| 041 ## - IDIOMA | |
| Código de idioma para texto/pista de sonido o título separado | Español |
| 044 ## - PAÍS DE PUBLICACIÓN | |
| País de publicación | Colombia |
| 090 ## - CLASIFICACIÓN LOCAL | |
| Colección | IND-I |
| Consecutivo | 12 |
| 110 ## - ASIENTO PRINCIPAL--NOMBRE CORPORATIVO | |
| Unidad subordinad | Inderena |
| 9 (RLIN) | 12933 |
| 245 ## - MENCION DE TITULO | |
| Título | Informe sobre el recurso forestal y las industrias forestales de la zona Pacífico de Colombia |
| 260 ## - PUBLICACION, DISTRIBUCION, ETC. (PIE DE IMPRENTA) | |
| Lugar de publicación, distribución, etc. | Bogotá |
| Nombre del editor, distribuidor, etc. | Inderena |
| Fecha de publicación, distribución, etc. | 1976 |
| 300 ## - DESCRIPCION FISICA | |
| Extensión | 2 vol. |
| 505 ## - NOTA DE CONTENIDO | |
| Nota de contenido | Vol. 1: Sección 1 |
| 505 ## - NOTA DE CONTENIDO | |
| Nota de contenido | Vol. 2: Sección 2 |
| 650 ## - ASIENTO SECUNDARIO DE MATERIA - TERMINO TEMATICO | |
| Término temático o nombre geográfico como elemento de entrada | Recursos forestales |
| 9 (RLIN) | 88892 |
| 650 ## - ASIENTO SECUNDARIO DE MATERIA - TERMINO TEMATICO | |
| Término temático o nombre geográfico como elemento de entrada | Productos maderables |
| 9 (RLIN) | 88893 |
| 650 ## - ASIENTO SECUNDARIO DE MATERIA - TERMINO TEMATICO | |
| Término temático o nombre geográfico como elemento de entrada | Aprovechamiento forestal |
| 9 (RLIN) | 88894 |
| 662 ## - ASIENTO SECUNDARIO DE MATERIA - JERARQUIA DEL NOMBRE DE LUGAR( | |
| País o entidad mayor | Colombia |
| Jurisdicción política intermedia | Pacífico |
| 710 ## - ASIENTO SECUNDARIO - NOMBRE CORPORATIVO | |
| Nombre corporativo o de jurisdicción como elemento de entrada | Reid Collins Associates Ltda. |
| 9 (RLIN) | 88895 |
| 942 ## - ELEMENTOS ADICIONALES (KOHA) | |
| Tipo de ítem | Informe Técnico |
| Sistema de clasificación | Local |
| Withdrawn status | Lost status | Sistema de Clasificación | Damaged status | No para préstamo | Colección | Ubicación Permanente | Ubicación actual | Fecha de adquisición | Fuente de adquisición | Total Checkouts | Número topográfico | Inventario / Código de Barras | Date last seen | Ejemplar | Price effective from | Forma de adquisición | Tipo de material | Public note |
|---|---|---|---|---|---|---|---|---|---|---|---|---|---|---|---|---|---|---|
| Local | Fondo Inderena | Bogotá | Bogotá | 29/05/1998 | Inderena | IND-I-12 | 000873 | 04/12/2012 | Ej. 1 | 04/12/2012 | Traslado Inderena | Informe Técnico | Tomo 1 | |||||
| Local | Fondo Inderena | Bogotá | Bogotá | 29/05/1998 | Inderena | IND-I-12 | 000874 | 04/12/2012 | Ej. 2 | 04/12/2012 | Traslado Inderena | Informe Técnico | Tomo. 2 |